000 01483nam0a22003251 4500
001 rc\3410336
005 20250610000629.0
021 _aRU
_b[69-101314]
035 _a(NLR Aleph) 007577655
090 _a5473810
_c5473810
100 _a20130115d1969 |||y0rusy50 ca
101 0 _arus
102 _aRU
105 _ay z |||||
200 1 _aРыцари стального клинка
_e[Воспоминания о Г.И. Котовском и его соратниках
_fЛит. обработка Ю. Казакова]
210 _aКишинев
_cКартя молдовеняскэ
_d1969
215 _a123 с.
_d21
300 _aНа 4-й с. сост.: П.В. Герасименко, Н.А. Краснова, С.И. Мокрицкий
606 _aКонница в гражданской войне в СССР 1918-1920 гг.
_jВоспоминания и записки
_2psbo
606 _aИностранная военная интервенция и гражданская война в СССР 1918-1920 гг.
_jВоспоминания и записки
_2psbo
702 1 _aКраснова
_bН.А.
_4220
702 1 _aМокрицкий
_bС.И.
_4220
702 1 _aГерасименко
_bП.В.
_4220
702 1 _aКазаков
_bЮ.
_4570
702 1 _aКотовский
_bГ.И.
_f1881-1925
_gГригорий Иванович
_4570
801 0 _aRU
_bNLR
_gpsbo
801 1 _aRU
_bELAR
_2rusmarc
852 _aNLR
_j69-3/9122
942 _cBOOK
980 _aNB